书目信息 |
| 题名: |
对策论(博奕论)讲义
|
|
| 作者: | ;中国科学院数学研究所第二室 编 | |
| 分册: | ||
| 出版信息: | 北京 人民教育出版社 1960.10 |
|
| 页数: | 200页 | |
| 开本: | 20cm | |
| 丛书名: | ||
| 单 册: | ||
| 中图分类: | O225 | |
| 科图分类: | ||
| 主题词: | 运筹学 | |
| 电子资源: | ||
| ISBN: | ||
| 000 | 00645nam0 2200193 450 | |
| 001 | 0662598719 | |
| 005 | 20060728172511.59 | |
| 010 | @dCNY0.65 | |
| 100 | @a20060728d1960 km y0chiy0120 ea | |
| 101 | 0 | @achi |
| 102 | @aCN@b110000 | |
| 200 | 1 | @a对策论(博奕论)讲义@Adui ce lun(bo yi lun)jiang yi@f中国科学院数学研究所第二室编@Fzhong guo ke xue yuan shu xue yan jiu suo di er shi bian |
| 210 | @a北京@c人民教育出版社@d1960.10 | |
| 215 | @a200页@d20cm | |
| 606 | 0 | @a运筹学 |
| 690 | @aO225@v3 | |
| 711 | 0 | @a中国科学院数学研究所第二室@Azhong guo ke xue yuan shu xue yan jiu suo di er shi@4编 |
| 801 | 0 | @aCN@bPFT@c20060728 |
| 905 | @a10447@dO225@e108 | |
| 对策论(博奕论)讲义/中国科学院数学研究所第二室编.-北京:人民教育出版社,1960.10 |
| 200页;20cm |
| ISBN :CNY0.65 |
| ● |
| 相关链接 |
|
|
|
|
正题名:对策论(博奕论)讲义
索取号:O225/108
 
预约/预借
| 序号 | 登录号 | 条形码 | 馆藏地/架位号 | 状态 | 备注 |
| 1 | 0442818 | 204428182 | 密集书库/ [索取号:O225/108] | 在馆 |